Travel from Canada to South Africa- Sudden Death - Statistics

General Stats
  • This quiz has been taken 42 times
    7 since last reset
  • The average score is 3 of 17
Answers on the Grid
Answers color-coded by a green-red scale on the quiz's grid according to % correct below.
Canada (start here)
USA
Greenland (denmark)
Russia
Mongolia
Kazakhstan
Belarus
Uzbekistan
Afghanistan
Turkmenistan
Iran
Saudi Arabia
Turkey
Greece
Syria
Jordan
Egypt
Libya
Sudan
South Sudan
Kenya
Uganda
Rwanda
Tanzania
Mozambique
Eswatini
South Africa (finish here)
 
Answer Stats
Answer % Correct
Canada (start here)
80%
Turkey
40%
USA
40%
Eswatini
20%
Kazakhstan
20%
Russia
20%
South Africa (finish here)
20%
Sudan
20%
Tanzania
20%
Egypt
0%
Iran
0%
Jordan
0%
Kenya
0%
Mozambique
0%
South Sudan
0%
Turkmenistan
0%
Uzbekistan
0%
No matching quizzes found
Score Distribution
Percent of People with Each Score
Percentile by Number Answered
Your Score History
You have not taken this quiz since the last reset